00626nam a22001692i 4500001000700000003000900007005001700016008004100033040002700074080000800101100004100109245009500150260007000245300002100315650002000336852010000356161773ES-MaACL20251120063146.0990810m18651868sp |||| | spa d aCAT bspa cCAT dCCPB a5951 aPérez Arcas, Laureano, d1822-189410aInsectos nuevos ó poco conocidos de la fauna española / cpor D. Laureano Perez Arcas. aMadrid : bImprenta y Libreria de D. Eusebio Aguado, c1865-1868. a86 p. ; c21 cm.07aInsectos2embne aES-MaACLjT-187-F-5 z-- Enc. hol. q-- Falto de la cub. original z-- Enc. en un vol. facticio